Universités québécoises - Statistiques

Statistiques générales
  • Ce quiz a été pris 801 fois
  • Le résultat moyen est 10 sur 18
Statistiques - réponses
Hint Réponse % Correct
1969 Montréal Université du Québec à Montréal
91%
1852 Québec Université Laval
90%
1821 Montréal Université McGill
90%
1878 Montréal Université de Montréal
88%
1954 Sherbrooke Université de Sherbrooke
86%
1974 Montréal Université Concordia
76%
1969 Trois-Rivières Université du Québec à Trois-Rivières
74%
1969 Rimouski, Lévis Université du Québec à Rimouski
65%
1969 Saguenay Université du Québec à Chicoutimi
57%
1983 Rouyn-Noranda, Amos, Val d’Or Université du Québec en Abitibi-Témiscamingue
49%
1981 Gatineau Université du Québec en Outaouais
48%
1843 Sherbrooke Université Bishop's
47%
1873 Montréal École Polytechnique de Montréal
42%
1907 Montréal HEC Montréal
37%
1974 Montréal École de technologie supérieure
23%
1972 Québec, Montréal Télé-université du Québec
21%
1969 Québec, Montréal, Trois-Rivières, Saguenay, Gatineau École nationale d'administration publique
10%
1969 Varennes, Montréal, Québec, Laval Institut national de la recherche scientifique
6%
Aucun quiz correspondant
Distribution des résultats
% des personnes avec chaque résultat
Percentile par nombre de réponses
Votre historique - résultats
Vous n’avez pas pris ce quiz